The south americans: The story of the south american republics, their characteristics, progress and tendencies; with special referencies to their commercial relations with th United States
Guardat en:
| Autor principal: | |
|---|---|
| Format: | Llibre |
| Idioma: | anglès |
| Publicat: |
Indianápolis
The Bobbs Merrill Co
1907
|
| Edició: | 1a. ed |
| Matèries: | |
| Etiquetes: |
Afegir etiqueta
Sense etiquetes, Sigues el primer a etiquetar aquest registre!
|
MARC
| LEADER | 00000nam a2200000 a 4500 | ||
|---|---|---|---|
| 001 | UCJ4400 | ||
| 003 | CL-VaPUC | ||
| 008 | 070124e19071000US |||||||||||||||||eng|d | ||
| 082 | 0 | 4 | |a 910.4 |b HAL |2 21 |
| 100 | 0 | |a Hale, Albert |e author |9 508008 | |
| 245 | 1 | 4 | |a The south americans: The story of the south american republics, their characteristics, progress and tendencies; with special referencies to their commercial relations with th United States |
| 250 | |a 1a. ed | ||
| 300 | |a 361 p | ||
| 942 | |c BK | ||
| 945 | |d 20070124 00:00:00 |a rinostro | ||
| 260 | |a Indianápolis |b The Bobbs Merrill Co |c 1907 | ||
| 500 | |a Fotografías y mapas | ||
| 650 | 0 | |a Viajes |9 257115 | |
| 650 | 0 | |a Geografía |9 259346 | |
| 650 | 0 | |a Recursos naturales |9 255232 | |
| 650 | 0 | |a Ciudades |9 265474 | |
| 650 | 0 | |a Población |9 257577 | |
| 650 | 7 | |a TRANSPORTE |2 CL-VaPUC |9 256365 | |
| 650 | 0 | |a Economía |9 255568 | |
| 650 | 0 | |a Estadísticas |9 258644 | |
| 650 | 0 | |a Mapas |9 260844 | |
| 650 | 0 | |a Ilustraciones |9 369481 | |
| 651 | 0 | |a Argentina |9 254888 | |
| 651 | 0 | |a Brasil |9 267393 | |
| 651 | 7 | |a CHILE |2 CL-VaPUC |9 508009 | |
| 651 | 0 | |a Uruguay |9 255194 | |
| 651 | 0 | |a Venezuela |9 254993 | |
| 651 | 0 | |a Colombia |9 256424 | |
| 583 | |a last modification |c 20130628 04:24:44 |k Rodrigo Vera | ||
| 999 | |c 320516 |d 320514 | ||
| 952 | |0 0 |1 0 |4 0 |6 910_400000000000000_HAL_1907 |7 0 |8 X |9 399054 |a FDOBUD |b FDOBUD |d 2019-11-22 |i 1017640 |o 910.4 HAL 1907 |p 1017640 |r 2019-11-22 |w 2019-11-22 |y BK_X |k BUD | ||